Größte saarländische Stadien - Statistiken

Allgemein
  • Dieses Quiz wurde 6 mal gespielt
  • Das Durchschnittsergebnis liegt bei 3 aus 10
Antwortstatistiken
Verein Kapazität Stadioname % Korrekt
1.FC Saarbrücken 16,003 Ludwigsparkstadion
83%
Borussia Neunkirchen 18,000 Ellenfeldstadion
50%
SV Rot-Weiß Hasborn 5,000 Waldstadion
50%
SV Röchling Völklingen 8.265 Hermann-Neuberger-Stadion
33%
FC 08 Homburg 16,488 Waldstadion Homburg
33%
SV 07 Elversberg 9.307 Ursapharm-Arena an der Kaiserlinde
17%
FC Dillingen 4,000 Papiermühle
0%
FV Biesingen 2,000 Sportpark Blieskastel
0%
FC Saarlouis 3,500 Stadion am Franzenhaus
0%
1.FC Saarbrücken Damen 6,000 Stadion am Kiselhumes
0%
Keine übereinstimmenden Quizze gefunden
Verteilung der Resultate
Anzahl Personen mit jedem Resultat
Perzentil nach korrekt beantworteten Fragen
Ihre Resultats-Entwicklung
Sie haben dieses Quiz noch nicht gespielt